World orders old and new (Record no. 3692)

MARC details
000 -LEADER
fixed length control field 00401nam a22001457a 4500
008 - FIXED-LENGTH DATA ELEMENTS--GENERAL INFORMATION
fixed length control field 250526b |||||||| |||| 00| 0 eng d
020 ## - INTERNATIONAL STANDARD BOOK NUMBER
ISBN 0231101562
100 ## - MAIN ENTRY--AUTHOR
Author Chomsky, Noam
245 ## - TITLE STATEMENT
Title World orders old and new
260 ## - PUBLICATION, DISTRIBUTION, ETC. (IMPRINT)
Place of publication New york
Name of publisher Colombia University press.
Date of publication 1994
300 ## - COLLATION
Pagination vii, 311p.
Other physical details ill.
650 ## - TRACINGS
Main Subject World politics- 1989
Subdivision (1st) World politics- 1945
942 ## - ADDED ENTRY ELEMENTS (KOHA)
Item type Books
050 ## - LIBRARY OF CONGRESS CALL NUMBER
Classification number D860
Item number .C46
Holdings
Source of classification or shelving scheme Not for loan Permanent location Current location Date acquired Accession No. Full call number Barcode. Koha item type
Dewey Decimal Classification   Samuel Ogbemudia Main Library, University of Abuja Samuel Ogbemudia Main Library, University of Abuja 05/26/2025 2017/481217 D860.C46 2025-2231 Books
Dewey Decimal Classification   Samuel Ogbemudia Main Library, University of Abuja Samuel Ogbemudia Main Library, University of Abuja 05/26/2025 2017/481217 D860.C46 2025-2232 Books